| 000 | 00709nam a22002177a 4500 | ||
|---|---|---|---|
| 999 |
_c6163 _d6163 |
||
| 003 | AR-CdUCM | ||
| 008 | 190313b ||||| |||| 00| 0 spa d | ||
| 040 |
_aMUNICIPALIDAD PROVINCIAL DEL CUSCO _cBIBLIOTECA MUNICIPAL DEL CUSCO |
||
| 082 |
_a868.32 / _bC48 |
||
| 100 |
_aCervantes, Miguel de _917829 |
||
| 245 | _aNovelas ejemplares / | ||
| 260 | _bEdiciones nuevo mundo, | ||
| 300 |
_a139 paginas ; _c17 cm. |
||
| 440 |
_aEscritores latinoamericanos _91888 |
||
| 505 | _aContenido :Rinconete y cortadillo -- El licenciado vidriera -- El celoso extremeño. | ||
| 650 |
_aNovelas españolas _9584 |
||
| 650 |
_aLiteratura española _9362 |
||
| 650 |
_aHistoria _9136 |
||
| 942 |
_2ddc _cLIBROS |
||
| 945 | _arum | ||